000 02648 a2200313 4500
001 OB-septentrion-74564
003 FrMaCLE
005 20251214082823.0
007 cu ||||||m||||
008 201122e||||||||xx |||||s|||||||||0|fr|d
020 _a978-2-7574-2664-7
024 7 _a10.4000/books.septentrion.74564
_2doi
040 _aFR-FrMaCLE
041 _afra
100 1 _aFarasse, Gérard
245 1 0 _aAmour de lecteur :
_bDesnos, Dhainaut, Jaccottet, Jouanard, Kijno, Ponge, Prévert, Quignard, Richard, Sarraute /
_cGérard Farasse.
260 _aVilleneuve d’Ascq :
_bPresses universitaires du Septentrion,
_c2020.
300 _a152 p.
500 _aEbook
520 _a Pour évoquer la richesse infinie des significations d’une œuvre, Borges aime à rappeler Scot Erigène, qui les compare à la magique irisation des plumes du paon. J’aurais souhaité, Amour de lecteur, que ce livre ressemblât à ce plumage quasi fabuleux. Ton œil exercé aurait pu y discerner la cruelle couleur du sang qui coule des plaies de Prévert, le rose de la pierre romaine qui dore les textes de Ponge, le vert de l’herbe qui jamais ne flétrit dans l’œuvre de Jaccottet, le jaune substantiel qui colore les livres de Quignard ou encore l’éclat stellaire d’une peau qui sert de guide à Desnos égaré dans ses nuits, – sans compter toutes les couleurs que Kijno rassemble, et qui, pour la plupart, nous sont inconnues : elles n’existent que sur ses toiles. À cette image trop chatoyante des plumes de l’oiseau de Junon ou de l’écharpe d’iris, je préfère pourtant celle plus prosaïque des diaprures que provoque l’essence répandue dans les flaques des caniveaux, et dont s’émerveille un gamin planté là sur le trottoir. Le voilà de nouveau, cet enfant, dont on me fait remarquer qu’il s’obstine à revenir dans ce livre, de chapitre en chapitre. Je n’avais pas prévu qu’il serait là. Sa présence, je ne me l’explique pas. Sauf à supposer qu’il n’est que l’ombre portée du lecteur incliné sur ces pages, persuadé comme je le suis, que c’est cet enfant qui lit depuis toujours à travers nous, quelque âgé que l’on soit, avec la même émotion, la même fascination qu’il éprouvait à regarder les flaques d’eau grise enluminées.
540 _aOpenEdition Books License
_uhttps://www.openedition.org/12554
650 4 _aLiterature (General)
650 4 _alittérature
650 4 _alecteur
650 4 _aréception
760 0 _x2780-9099
776 _z978-2-85939-697-8
856 4 _eFarasse, Gérard
_uhttps://books.openedition.org/septentrion/74564
_yAmour de lecteur
999 _c14056
_d14056